ՀՀ Գիտությունների ազգային ակադեմիայի հիմնարար գիտական գրադարան  =   Fundamental Scientific Library of NAS RA

Հանդես : (Record no. 532694)

MARC details
000 -LEADER
fixed length control field 02146nas a2200469 a 4500
001 - CONTROL NUMBER
control field 001069149
003 - CONTROL NUMBER IDENTIFIER
control field AM-YEHGA
005 - DATE AND TIME OF LATEST TRANSACTION
control field 20250805111734.0
008 - FIXED-LENGTH DATA ELEMENTS--GENERAL INFORMATION
fixed length control field 150330c20029999ai arzp 0 0arm d
020 ## - INTERNATIONAL STANDARD BOOK NUMBER
International Standard Book Number 99930-73-62-8 (1)
020 ## - INTERNATIONAL STANDARD BOOK NUMBER
International Standard Book Number 99930-73-62-86-5 (2)
020 ## - INTERNATIONAL STANDARD BOOK NUMBER
International Standard Book Number 99941-41-02-3 (3)
020 ## - INTERNATIONAL STANDARD BOOK NUMBER
International Standard Book Number 9941-41-05-8 (4)
020 ## - INTERNATIONAL STANDARD BOOK NUMBER
International Standard Book Number 99941-41-32-5 (5, 6)
020 ## - INTERNATIONAL STANDARD BOOK NUMBER
International Standard Book Number 978-99941-41-55-5 (7)
020 ## - INTERNATIONAL STANDARD BOOK NUMBER
International Standard Book Number 978-99941-67-98-2 (8)
020 ## - INTERNATIONAL STANDARD BOOK NUMBER
International Standard Book Number 978-9939-812-40-3 (9)
020 ## - INTERNATIONAL STANDARD BOOK NUMBER
International Standard Book Number 978-9939-812-98-4 (10)
020 ## - INTERNATIONAL STANDARD BOOK NUMBER
International Standard Book Number 978-9939-830-42-1 (11)
020 ## - INTERNATIONAL STANDARD BOOK NUMBER
International Standard Book Number 978-9939-830-67-4 (12)
020 ## - INTERNATIONAL STANDARD BOOK NUMBER
International Standard Book Number 978-9939-70-000-7 (13)
020 ## - INTERNATIONAL STANDARD BOOK NUMBER
International Standard Book Number 978-9939-70-043-4 (14)
020 ## - INTERNATIONAL STANDARD BOOK NUMBER
International Standard Book Number 978-9939-70-069-4 (15)
020 ## - INTERNATIONAL STANDARD BOOK NUMBER
International Standard Book Number 978-9939-70-113-4 (16)
020 ## - INTERNATIONAL STANDARD BOOK NUMBER
International Standard Book Number 978-9939-70-123-3 (17)
020 ## - INTERNATIONAL STANDARD BOOK NUMBER
International Standard Book Number 978-9939-70-164-6 (18)
020 ## - INTERNATIONAL STANDARD BOOK NUMBER
International Standard Book Number 978-9939-72-551-2 (19)
020 ## - INTERNATIONAL STANDARD BOOK NUMBER
International Standard Book Number 978-9939-9133-6-0 (20)
040 ## - CATALOGING SOURCE
Original cataloging agency AM-YEHGA
041 0# - LANGUAGE CODE
Language code of text/sound track or separate title arm
222 #0 - KEY TITLE
Key title Հանդես
245 00 - TITLE STATEMENT
Title Հանդես :
Remainder of title Գիտական հոդվածների ժողովածու /
Statement of responsibility, etc. Գլխ. խմբ.՝ Լ. Մուրադյան ; Երևանի թատրոնի և կինոյի պետական ինստիտուտ.
260 ## - PUBLICATION, DISTRIBUTION, ETC.
Place of publication, distribution, etc. Երևան :
Name of publisher, distributor, etc. Հրազդան,
Date of publication, distribution, etc. 2002-.
300 ## - PHYSICAL DESCRIPTION
Other physical details համար ;
Dimensions նկ.
310 ## - CURRENT PUBLICATION FREQUENCY
Current publication frequency ամենամյա
362 0# - DATES OF PUBLICATION AND/OR SEQUENTIAL DESIGNATION
Dates of publication and/or sequential designation 2002-
505 00 - FORMATTED CONTENTS NOTE
Miscellaneous information № 1 (2002,155 էջ)
-- № 2 (2003, 272 էջ)
-- № 3 (2004, 225 էջ)
-- № 4 (2004, 219 էջ)
-- № 5 (2005, 211 էջ)
-- № 6 (2006, 195 էջ)
-- № 8 (2008, 224 էջ)
-- № 9 (2009, 196 էջ)
-- № 10 (2010, 207 էջ)
-- № 11 (2011, 196 էջ)
-- № 12 (2011, 248 էջ)
-- № 13 (2012, 248 էջ)
-- № 14 (2013, 240 էջ)
-- № 15 (2014, 248 էջ)
-- № 16 (2015, 258 էջ)
-- № 17 (2015, 173 էջ)
-- № 18 (2016, 283 էջ)
-- № 19 (2017, 302 էջ)
-- № 20 (2018, 267 էջ)
-- № 24 (2023, 272 էջ)
-- № 25 (2023, 290 էջ)
-- № 27 (2024, 250 էջ)
650 14 - SUBJECT ADDED ENTRY--TOPICAL TERM
Topical term or geographic name entry element Թատրոն
General subdivision Ժողովածու
Form subdivision Պարբերականներ
700 1# - ADDED ENTRY--PERSONAL NAME
Personal name Մուրադյան, Լաուրա
Relator term խմբ.
Relationship edt
710 2# - ADDED ENTRY--CORPORATE NAME
Corporate name or jurisdiction name as entry element Երևանի թատրոնի և կինոյի պետական ինստիտուտ
942 ## - ADDED ENTRY ELEMENTS (KOHA)
Source of classification or shelving scheme Universal Decimal Classification
Koha item type Շարունակական պաշար / Continuing Resource
Holdings
Withdrawn status Lost status Damaged status Not for loan Collection Home library Current library Date acquired Serial enumeration / chronology Total checkouts Full call number Barcode Date last seen Price effective from Koha item type Public note
        General Fundamental Scientific Library Fundamental Scientific Library 30/01/2025 2003, հ. 2   ПА/138 FL0686950 30/01/2025 30/01/2025 Շարունակական պաշար / Continuing Resource 30 Days loan
        General Fundamental Scientific Library Fundamental Scientific Library 30/01/2025 2004, հ. 4   ПА/138 FL0686952 30/01/2025 30/01/2025 Շարունակական պաշար / Continuing Resource 30 Days loan
        General Fundamental Scientific Library Fundamental Scientific Library 30/01/2025 2005, հ. 5   ПА/138 FL0686951 30/01/2025 30/01/2025 Շարունակական պաշար / Continuing Resource 30 Days loan
        General Fundamental Scientific Library Fundamental Scientific Library 30/01/2025 2008, հ. 8   ПА/138 FL0686954 30/01/2025 30/01/2025 Շարունակական պաշար / Continuing Resource 30 Days loan
        General Fundamental Scientific Library Fundamental Scientific Library 30/01/2025 2008, հ. 8   ПА/138 FL0686955 30/01/2025 30/01/2025 Շարունակական պաշար / Continuing Resource 30 Days loan
        General Fundamental Scientific Library Fundamental Scientific Library 30/01/2025 2009, հ. 9   ПА/138 FL0686956 30/01/2025 30/01/2025 Շարունակական պաշար / Continuing Resource 30 Days loan
        General Fundamental Scientific Library Fundamental Scientific Library 30/01/2025 2010, հ. 10   ПА/138 FL0686958 30/01/2025 30/01/2025 Շարունակական պաշար / Continuing Resource 30 Days loan
        General Fundamental Scientific Library Fundamental Scientific Library 30/01/2025 2010, հ. 10   ПА/138 FL0686957 30/01/2025 30/01/2025 Շարունակական պաշար / Continuing Resource 30 Days loan
        General Fundamental Scientific Library Fundamental Scientific Library 30/01/2025 2011, հ. 11   ПА/138 FL0686959 30/01/2025 30/01/2025 Շարունակական պաշար / Continuing Resource 30 Days loan
        General Fundamental Scientific Library Fundamental Scientific Library 30/01/2025 2011, հ. 12   ПА/138 FL0686961 30/01/2025 30/01/2025 Շարունակական պաշար / Continuing Resource 30 Days loan
        General Fundamental Scientific Library Fundamental Scientific Library 30/01/2025 2011, հ. 12   ПА/138 FL0686960 30/01/2025 30/01/2025 Շարունակական պաշար / Continuing Resource 30 Days loan
        General Fundamental Scientific Library Fundamental Scientific Library 30/01/2025 2012, հ. 13   ПА/138 FL0686962 30/01/2025 30/01/2025 Շարունակական պաշար / Continuing Resource 30 Days loan
        General Fundamental Scientific Library Fundamental Scientific Library 30/01/2025 2016, հ. 18   ПА/138 FL0686963 30/01/2025 30/01/2025 Շարունակական պաշար / Continuing Resource 30 Days loan
        General Fundamental Scientific Library Fundamental Scientific Library 30/01/2025 2017, հ. 19   ПА/138 FL0686964 30/01/2025 30/01/2025 Շարունակական պաշար / Continuing Resource 30 Days loan
        General Fundamental Scientific Library Fundamental Scientific Library 30/01/2025 2017, հ. 19   ПА/138 FL0686965 30/01/2025 30/01/2025 Շարունակական պաշար / Continuing Resource 30 Days loan
        General Fundamental Scientific Library Fundamental Scientific Library 30/01/2025 2006, հ. 6   ПА/138 FL0686953 30/01/2025 30/01/2025 Շարունակական պաշար / Continuing Resource 30 Days loan
        General Fundamental Scientific Library Fundamental Scientific Library 05/02/2025 2018, հ. 20   ПА/138 FL0686983 05/02/2025 05/02/2025 Շարունակական պաշար / Continuing Resource 30 Days loan
        General Fundamental Scientific Library Fundamental Scientific Library 05/02/2025 2018, հ. 20   ПА/138 FL0686984 05/02/2025 05/02/2025 Շարունակական պաշար / Continuing Resource 30 Days loan
        General Fundamental Scientific Library Fundamental Scientific Library 05/02/2025 2024, հ. 26   ПА/138 FL0686985 05/02/2025 05/02/2025 Շարունակական պաշար / Continuing Resource 30 Days loan
        General Fundamental Scientific Library Fundamental Scientific Library 05/02/2025 2024, հ. 26   ПА/138 FL0686986 05/02/2025 05/02/2025 Շարունակական պաշար / Continuing Resource 30 Days loan
        General Fundamental Scientific Library Fundamental Scientific Library 07/07/2025 2024, հ. 27   ПА/138 FL0693016 07/07/2025 07/07/2025 Շարունակական պաշար / Continuing Resource 30 Days Loan
        General Fundamental Scientific Library Fundamental Scientific Library 07/07/2025 2024, հ. 27   ПА/138 FL0693017 07/07/2025 07/07/2025 Շարունակական պաշար / Continuing Resource 30 Days Loan


ՀՀ ԳԱԱ հիմնարար գիտական գրադարան
ՀՀ,Երևան 0019
Մարշալ Բաղրամյան 24/6
հեռախոս:(374-10) 52-47-50
Հետադարձ կապ

All site content, except where otherwise noted, is licensed under a
Creative Commons License